000 01660cam a22004574i 4500
003 PE-LiUPU
005 20250731173033.0
008 150623s r 000 0 d
020 _a0896938905
035 _a(Sirsi) i9780896938908
040 _aPE-LiUPU
_bspa
_cPE-LiUPU
_erda
049 _aPRUA
082 0 4 _a248.843
_bB62
_221
100 1 _aBly, Janet Chester,
_eautor.
245 1 0 _aManaging your restless search /
_cJanet Chester Bly.
264 1 _aWheaton, IL :
_bVictor Books,
_c1992.
300 _a156 páginas ;
_c21 centímetros
336 _atext
_2rdacontent
337 _aunmediated
_2rdamedia
338 _avolume
_2rdacarrier
504 _aIncluye bibliografía.
505 0 _aHaving it all, God's way. -One thing at a time. -Getting dirty for God. -If only I could manage. -Speaking my mind. -Have I missed someone? -Getting used to the family. -Shooting through the right gates. -Why can't I go full steam righ now? -Heaven's most wanted woman.
526 _aSEG42
526 _aSEG41
526 _aSEG40
526 _aSEG39
526 _aP94
526 _aP87
526 _aP86
526 _aP85
526 _aP77
526 _aP76
526 _aP35
650 0 4 _aMujeres
_xVida religiosa.
942 _2ddc
_cBOOK
949 _a248.843 B62
_wDEWEY
_c1
_i48222
_lCCODEBUL1
_mBUL
_r0
_sY
_tBOOK
_u2015-6-24
_xTEOLOGIA
_PP35
_0COMPRA
_o.STAFF. Colección General
994 _aC0
_bPEPRU
596 _a1
999 _a248.843 B62
_wDEWEY
_c25206
_i48222
_f2021-11-12
_g5
_lCCODEBUL1
_mBUL
_r0
_sY
_tBOOK
_u2015-6-24
_xTEOLOGIA
_PP35
_0COMPRA
_o.STAFF. Colección General
_d25206
980 _81
_gALBERTO SANCHEZ Responsable de Automatización